[Event "Godal mem"]
[Site "HUN"]
[Date "1999.??.??"]
[Round "1"]
[White "Gal, Sandor"]
[Black "Sipka, Zoltan"]
[Result "1-0"]
[WhiteElo "2245"]
[BlackElo "2015"]

1.e4 d5 2.exd5 Qxd5 3.Nc3 Qd8 4.d4 Nf6 5.Be3 c6 6.Nf3 Bg4 7.Be2 e6 8.h3 Bh5
9.a3 h6 10.g4 Bg6 11.Ne5 Bh7 12.Qd2 Nbd7 13.O-O-O Qc7 14.f4 Nxe5 15.dxe5 Nd5
16.Nxd5 cxd5 17.Bb5+ Kd8 18.Rh2 Rc8 19.Kb1 Bc5 20.Bd3 Bxd3 21.Qxd3 Ke7 22.Bxc5+ Qxc5
23.f5 Qc4 24.Qf3 Qe4 25.f6+ Kf8 26.Qxe4 dxe4 27.Rd7 Rb8 28.Re2 g5 29.Rxe4 h5
30.Rc4 hxg4 31.hxg4 Rh1+ 32.Ka2 Ke8 33.Re7+ Kf8 34.Rcc7 Rh7 35.Rxb7 Rxb7
36.Rxb7 Ke8 37.Rxa7 Rh4 38.Ra8+ Kd7 39.Rf8 Rxg4 40.Rxf7+ Ke8 41.Re7+ Kf8
42.Rxe6 Rg2 43.Re7 Rxc2 44.Rg7 Re2 45.Rxg5 Kf7 46.Rg7+ Kf8 47.Re7  1-0

[Event "Godal mem"]
[Site "HUN"]
[Date "1999.??.??"]
[Round "3"]
[White "Czako, Gyorgy"]
[Black "Sipka, Zoltan"]
[Result "1/2-1/2"]
[WhiteElo "2110"]
[BlackElo "2015"]

1.e4 d5 2.exd5 Qxd5 3.Nc3 Qd8 4.d4 Nf6 5.Nf3 c6 6.Bc4 Bf5 7.O-O e6 8.Re1 Be7
9.h3 h6 10.Qe2 O-O 11.Bf4 Nbd7 12.Rad1 Nb6 13.Bb3 Bd6 14.Bxd6 Qxd6 15.Qe5 Qxe5
16.dxe5 Nfd5 17.Nxd5 cxd5 18.Nd4 Bh7 19.Nb5 Rfc8 20.Nd6 Bxc2 21.Nxc8 Bxd1
22.Nxb6 axb6 23.Rxd1 Kf8 24.Rc1 Ke8 25.Rc7 d4 26.Kf1 Ra5 27.f4 Rc5 28.Rxc5 bxc5
29.Ke2 b5 30.Kd3 Kd7 31.a4 Kc6 32.Ke4 c4 33.Bxc4 bxc4 34.Kxd4 f6 35.Kxc4 fxe5
36.fxe5 g5 37.a5 h5 38.b4 g4 39.b5+ Kb7 40.Kc5 Kc7 41.a6 gxh3 42.b6+ Kb8
43.Kc6 hxg2 44.a7+ Ka8 45.Kc7 g1=Q 46.b7+ Kxa7 47.b8=Q+ Ka6 48.Qa8+ Kb5 49.Qc6+ Kb4  1/2-1/2

[Event "Godal mem"]
[Site "HUN"]
[Date "1999.??.??"]
[Round "5"]
[White "Adam, Zoltan"]
[Black "Sipka, Zoltan"]
[Result "1/2-1/2"]
[WhiteElo "2185"]
[BlackElo "2015"]

1.e4 d5 2.exd5 Qxd5 3.Nc3 Qd8 4.Nf3 Nf6 5.d4 c6 6.h3 Bf5 7.Bd3 Bxd3 8.Qxd3 e6
9.O-O Be7 10.Ne2 O-O 11.c4 Nbd7 12.Rd1 Nb6 13.Be3 Rc8 14.b3 h6 15.Ng3 Qc7
16.Ne4 Rfd8 17.Nxf6+ Bxf6  1/2-1/2

[Event "Godal mem"]
[Site "HUN"]
[Date "1999.??.??"]
[Round "9"]
[White "Olah, Sandor"]
[Black "Sipka, Zoltan"]
[Result "1/2-1/2"]
[WhiteElo "2055"]
[BlackElo "2015"]

1.e4 d5 2.exd5 Qxd5 3.Nc3 Qd8 4.Nf3 Nf6 5.Bc4 Bf5 6.O-O e6 7.h3 h6 8.d4 c6
9.Qe2 Nbd7 10.Bb3 Qc7 11.Ne5 Nxe5 12.dxe5 Nd5 13.Nxd5 exd5 14.Bf4 Be6 15.Bh2 O-O-O
16.f4 g6 17.Rad1 Be7 18.Kh1 h5 19.c3 Bc5 20.Bc2 Bf5 21.b4 Bb6 22.a4 a6 23.Bd3 Qd7
24.b5 Bxd3 25.Qxd3 cxb5 26.axb5 Qxb5 27.Qxb5 axb5 28.Rb1 Ba5 29.Rxb5 Bxc3
30.Rc5+ Kd7 31.Rxc3 Ke6 32.Rb1 Rd7 33.Rb6+ Kf5 34.g3 d4 35.Rd3 Ke4 36.Rbb3 Rc8
37.Bg1 Rc1 38.Kg2 b5 39.Bf2 Rc2 40.Rd1 Rd5 41.Rbd3 Rc4 42.Kf1 b4 43.Ke2 Rc2+
44.R1d2 Rc4 45.Bg1 Rd8 46.g4 hxg4 47.hxg4 Rd5 48.Bf2 Rd7 49.Bg1 Rd5 50.Rd1 Rc2+
51.R1d2 Rc4 52.Bh2 Rc3 53.Bg3  1/2-1/2

[Event "Klatovy op-A"]
[Site "Klatovy"]
[Date "1999.??.??"]
[Round "3"]
[White "Lacina, Adolf"]
[Black "Jirovsky, Milos"]
[Result "0-1"]
[WhiteElo "2222"]
[BlackElo "2455"]

1.e4 d5 2.exd5 Qxd5 3.Nc3 Qd6 4.d4 Nf6 5.Nf3 a6 6.Bc4 b5 7.Bb3 Bb7 8.Ne5 e6
9.Bf4 c5 10.dxc5 Qxc5 11.O-O Nc6 12.Re1 Rd8 13.Qf3 Na5 14.Qh3 Nxb3 15.Nxf7 Kxf7
16.Qxe6+ Kg6 17.axb3 Qf5 18.Qb6 Rd7 19.Be5 Qg5 20.Ne4 Bc5 21.Qxb7 Qxe5 22.Nxc5 Qxc5
23.Qxa6 Rd2 24.Rf1 Re8 25.Ra5 Re1 26.Qa7 Rdd1  0-1

[Event "EU-ch02 blind "]
[Site "Krynica"]
[Date "1999.??.??"]
[Round "6"]
[White "Schmeisser, Andre"]
[Black "Martinez Garcia, Jose"]
[Result "0-1"]
[WhiteElo "1740"]
[BlackElo "2190"]

1.e4 d5 2.exd5 Qxd5 3.Nc3 Qd8 4.d4 c6 5.Nf3 Bf5 6.Be3 e6 7.Bc4 Nf6 8.a3 Nbd7
9.Qe2 Be7 10.O-O Nd5 11.Bd2 Bxc2 12.Rac1 Nxc3 13.Bxc3 Bf5 14.Ne5 O-O 15.g4 Bg6
16.Nxg6 hxg6 17.Rfe1 Nb6 18.Ba5 Qxd4 19.Red1 Qf4 20.Bxb6 axb6 21.Rc3 Rad8
22.Rxd8 Rxd8 23.Bxe6 fxe6 24.Qxe6+ Qf7 25.Qe2 Rf8 26.Re3 Bc5  0-1

[Event "Leeds Civil Service-ch 9th"]
[Site "Leeds"]
[Date "1999.??.??"]
[Round "2"]
[White "Archer, Richard"]
[Black "Calvert, David Ian"]
[Result "1/2-1/2"]
[WhiteElo "1860"]
[BlackElo "1885"]

1.e4 d5 2.exd5 Qxd5 3.Nc3 Qd8 4.Nf3 Nf6 5.h3 Bf5 6.Bc4 e6 7.d3 c6 8.Bf4 Be7
9.Nh4 Bg6 10.Nxg6 hxg6 11.Qe2 Nbd7 12.O-O O-O 13.Rac1 Re8 14.Nb1 Nd5 15.Bh2 b5
16.Bb3 Nc5 17.Nd2 Nxb3 18.Nxb3 Bd6 19.Bxd6 Qxd6 20.Qf3 e5 21.d4 exd4 22.Nxd4 a6
23.c3 c5 24.Nc2 Nf4 25.Rcd1 Qf6 26.Ne3 Rad8 27.Ng4 Qf5 28.Rxd8 Rxd8 29.Re1 Ne6
30.Qc6 Rd2 31.Qxa6 Rxb2 32.a4 bxa4 33.Qxa4 Rb1 34.Rxb1 Qxb1+ 35.Kh2 Qf5 36.Qe8+  1/2-1/2

[Event "POR-ch (Women)"]
[Site "Lisboa"]
[Date "1999.??.??"]
[Round "7"]
[White "Henriques, Sofia"]
[Black "Carvalho, Alda"]
[Result "1-0"]
[WhiteElo "2015"]
[BlackElo "2060"]

1.e4 d5 2.exd5 Qxd5 3.Nc3 Qd8 4.d4 Nf6 5.Nf3 Bf5 6.Bc4 e6 7.O-O Be7 8.Bg5 O-O
9.Qe2 h6 10.Bf4 c6 11.Rad1 b5 12.Bd3 Bxd3 13.Rxd3 b4 14.Ne4 Qa5 15.Ne5 Nxe4
16.Qxe4 Qd5 17.Qe3 g5 18.Qh3 Kg7 19.Bc1 f6 20.Ng4 Rh8 21.f4 Nd7 22.f5 Nf8
23.Ne3 Qd7 24.fxe6 Nxe6 25.Nf5+ Kg6 26.Nxe7+ Qxe7 27.Re3 Rhe8 28.Rfe1 Qd6
29.Rxe6 Qxd4+ 30.Kh1 Rxe6 31.Qxe6 Qf2 32.Qe2 Qb6 33.Qd3+ Kh5 34.g4+ Kxg4
35.Rg1+ Kh5 36.Rg3 Qf2 37.Rh3+ Kg4 38.Rg3+ Kh5 39.Be3 Qe1+ 40.Bg1 Qe6 41.Rh3+  1-0

[Event "ITA-ch sf"]
[Site "Saint Vincent"]
[Date "1999.??.??"]
[Round "5"]
[White "Luciani, Valerio"]
[Black "Bonaccorsi, Fabrizio"]
[Result "1-0"]
[WhiteElo "2238"]
[BlackElo "2086"]

1.e4 d5 2.exd5 Qxd5 3.Nc3 Qd6 4.d4 Nf6 5.Be2 a6 6.Be3 Nc6 7.Nf3 Bf5 8.O-O e6
9.a3 Be7 10.Rc1 O-O 11.Na4 Ne4 12.c4 Bf6 13.d5 exd5 14.cxd5 Ne7 15.Bd4 b5
16.Bxf6 Nxf6 17.Nc3 Nexd5 18.Nxd5 Nxd5 19.Nd4 Be6 20.Bf3 c5 21.Nf5 Bxf5 22.Qxd5 Qxd5
23.Bxd5 Rac8 24.Bb7 Rc7 25.Bxa6 Rb8 26.Rfd1 Kf8 27.Rd5 Bd7 28.Rdxc5 Ra7 29.Bc8 b4
30.Bxd7 Rxd7 31.axb4 Rxb4 32.Rc8+ Ke7 33.Re1+ Kd6 34.Rd1+ Ke6 35.Re8+  1-0

[Event "RUS-ch U16"]
[Site "Serpukhov"]
[Date "1999.??.??"]
[Round "6"]
[White "Erzhanov, Arman"]
[Black "Zaitsev, Vadim"]
[Result "0-1"]
[WhiteElo "2181"]
[BlackElo "2412"]

1.e4 d5 2.exd5 Qxd5 3.Nc3 Qd8 4.d4 Nf6 5.Nf3 Bg4 6.Be2 e6 7.h3 Bh5 8.O-O Be7
9.Ne5 Bxe2 10.Nxe2 Nbd7 11.c4 Nxe5 12.dxe5 Qxd1 13.Rxd1 Nd7 14.Bf4 O-O-O
15.Nd4 g5 16.Bh2 Nc5 17.Nc2 Nd3 18.b3 Bc5 19.Ne3 Bd4 20.Rab1 Bxe5 21.Bxe5 Nxe5
22.Kf1 c5 23.Ke2 Nc6 24.Nc2 Kc7 25.f3 h5 26.Kf2 h4 27.a3 Na5 28.Ne3 Rxd1
29.Nxd1 Rd8 30.Ke2 Nc6 31.Ne3 f5 32.Nc2 Nd4+ 33.Nxd4 Rxd4 34.Ke3 a6 35.Rc1 e5
36.Ke2 Kc6 37.Rc2 b5 38.Rc3 f4 39.Ke1 b4 40.axb4 cxb4 41.Rc2 e4 42.fxe4 Rxe4+
43.Kd2 Re3 44.Ra2 Kb6 45.Rb2 Rg3 46.Ke1 f3 47.gxf3 Rxf3 48.Rg2 Rg3 49.Rf2 Rxb3
50.Rf6+ Kc5 51.Rxa6 Kxc4 52.Rc6+ Kd4 53.Rd6+ Ke5 54.Rb6 Rxh3 55.Rxb4 Ra3
56.Kf2 Kf5 57.Kg2 h3+ 58.Kh2 g4 59.Rb2 Kg5 60.Rb5+ Kh4 61.Rf5 g3+ 62.Kg1 Ra1+  0-1

[Event "Villa de Sitges 35th"]
[Site "Sitges"]
[Date "1999.??.??"]
[Round "6"]
[White "Hoffmann, Michael"]
[Black "Cicak, Slavko"]
[Result "0-1"]
[WhiteElo "2435"]
[BlackElo "2500"]

1.e4 d5 2.exd5 Qxd5 3.Nc3 Qd6 4.d4 c6 5.Bc4 Nf6 6.Nge2 Bf5 7.O-O e6 8.Ng3 Bg6
9.f4 Qd7 10.f5 Bxf5 11.Nxf5 exf5 12.Qd3 g6 13.Bg5 Be7 14.Rae1 O-O 15.g4 h6
16.Bxh6 Nxg4 17.Bxf8 Bxf8 18.Ne2 b5 19.Bb3 Na6 20.Nf4 Kg7 21.a4 Bd6 22.d5 Qc7
23.Qd4+ Be5 24.Rxe5 Qxe5 25.Qxe5+ Nxe5 26.dxc6 bxa4 27.Bxa4 Nc5 28.Bb5 a6
29.Ra1 Rb8 30.c7 Rc8 31.Bxa6 Nxa6 32.Rxa6 Rxc7 33.c3 Rd7 34.Ra5 Rd1+ 35.Kf2 Rd2+
36.Kg3 Nc4 37.Rc5 Nxb2 38.h4 Rd7 39.Rc6 Nd3 40.Nxd3 Rxd3+ 41.Kg2 Kh6  0-1

[Event "Valles Tancat 3th"]
[Site "Valles Tancat"]
[Date "1999.??.??"]
[Round "?"]
[White "Ubach Miralda, Marcelo"]
[Black "Bravo, Narciso"]
[Result "1-0"]
[WhiteElo "2305"]
[BlackElo "2265"]

1.e4 d5 2.exd5 Qxd5 3.Nc3 Qd6 4.d4 Nf6 5.Bc4 a6 6.Nf3 e6 7.Bg5 b5 8.Bb3 Bb7
9.Qe2 Nbd7 10.O-O-O b4 11.Na4 Be7 12.Rhe1 Nd5 13.Nc5 Nxc5 14.dxc5 Bxg5+ 15.Nxg5 Qf4+
16.Qd2 O-O 17.Qxf4 Nxf4 18.Rd7 Bxg2 19.Rd4 Ng6 20.f3 h6 21.Nxf7 Rxf7 22.Rxe6 Nh8
23.Re7 Kf8 24.Rxf7+ Nxf7 25.Rf4 Rd8 26.Rxf7+ Ke8 27.Rxg7 Bxf3 28.Rg8+ Ke7
29.Rxd8 Kxd8 30.Kd2 Bc6 31.c3 bxc3+ 32.Kxc3 a5 33.Bc4 Ke7 34.b4 axb4+ 35.Kxb4 Kd8
36.a4 Kc8 37.Bb3 Bg2 38.c6 Kb8 39.Kc5 Ka7 40.h4 Bf3 41.a5 Bg4 42.Kd5 Bc8
43.Ke5 Bg4 44.Kf6 Bf3 45.Kg7 h5 46.Kf6 Kb8 47.Ke7  1-0

[Event "Valles Tancat 3th"]
[Site "Valles Tancat"]
[Date "1999.??.??"]
[Round "?"]
[White "Rahal, Michael"]
[Black "Bravo, Narciso"]
[Result "1/2-1/2"]
[WhiteElo "2395"]
[BlackElo "2265"]

1.e4 d5 2.exd5 Qxd5 3.Nc3 Qd6 4.d4 Nf6 5.Nf3 c6 6.g3 Bg4 7.Bg2 e6 8.O-O Qc7
9.h3 Bxf3 10.Qxf3 Bd6 11.Ne4 Nxe4 12.Qxe4 O-O 13.c4 Nd7 14.f4 Nf6 15.Qf3 c5
16.Qxb7 Qxb7 17.Bxb7 Rab8 18.Bf3 cxd4 19.b3 a5 20.Bd2 a4 21.Rab1 Rfc8 22.Kg2 Nd7
23.Rfd1 axb3 24.axb3 Bb4 25.Bxb4 Rxb4 26.Rxd4 Nc5 27.Bd1 Kf8 28.Ra1 Rxb3
29.Bxb3 Nxb3 30.Rad1 Nxd4 31.Rxd4 h6 32.Kf3 g5 33.Ke3 Ke7 34.Ke4 Rc5 35.Kd3 Ra5
36.Ke4 gxf4 37.gxf4 Rc5 38.Kf3 f5 39.Ke3 Kf6 40.h4 h5 41.Kd3 Ra5 42.Kc3 e5
43.Rd6+ Ke7 44.fxe5 Rxe5 45.Rd5 Rxd5 46.cxd5 Kd6 47.Kd4 f4  1/2-1/2

[Event "JUG-chT (Women)"]
[Site "Vrnjacka Banja"]
[Date "1999.??.??"]
[Round "4"]
[White "Stankovic, Marija"]
[Black "Chelushkina, Irina"]
[Result "1-0"]
[WhiteElo "2189"]
[BlackElo "2379"]

1.e4 d5 2.exd5 Qxd5 3.Nc3 Qd8 4.d4 Nf6 5.Bc4 g6 6.Nge2 Bg7 7.Bf4 c6 8.Qd2 a5
9.Bh6 Bxh6 10.Qxh6 Bf5 11.Bb3 Rg8 12.Qd2 Nbd7 13.f3 Nb6 14.a3 h5 15.Ng3 a4
16.Ba2 Nc8 17.O-O Nd6 18.Rfe1 h4 19.Nge4 Nfxe4 20.Nxe4 Bxe4 21.fxe4 Qa5 22.Qf4 Rh8
23.d5 cxd5 24.Bxd5 Qc7 25.Bxf7+ Kf8 26.Bxg6+ Kg7 27.e5 Nc4 28.Qg5 Ra6 29.Be4+ Kf8
30.Rf1+  1-0

[Event "JUG-chT"]
[Site "Vrnjacka Banja"]
[Date "1999.??.??"]
[Round "8"]
[White "Brenjo, Slavisa"]
[Black "Vukovic, Zdravko"]
[Result "0-1"]
[WhiteElo "2491"]
[BlackElo "2470"]

1.e4 d5 2.exd5 Qxd5 3.Nc3 Qd8 4.d4 Nf6 5.h3 c6 6.Nf3 Bf5 7.g4 Be6 8.Bg2 g6
9.Ne5 h5 10.g5 Nd5 11.Ne4 Nd7 12.f4 Bg7 13.Qe2 b5 14.c3 Bxe5 15.fxe5 Qb6
16.a4 a6 17.O-O b4 18.Kh1 bxc3 19.bxc3 O-O 20.Qd2 Rfb8 21.Ba3 Qd8 22.Rf3 Rb3
23.Bc5 Rab8 24.Raf1 Rb1 25.Rf2 R8b3 26.Rxb1 Rxb1+ 27.Kh2 Qb8 28.h4 Qb3 29.Bf1 Rd1
30.Bc4 Qb1 31.Bxd5 cxd5  0-1

[Event "JUG-chT"]
[Site "Vrnjacka Banja"]
[Date "1999.??.??"]
[Round "11"]
[White "Marinkovic, Slavisa"]
[Black "Vukovic, Zdravko"]
[Result "1/2-1/2"]
[WhiteElo "2449"]
[BlackElo "2470"]

1.e4 d5 2.exd5 Qxd5 3.Nc3 Qd8 4.d4 Nf6 5.Nf3 c6 6.Bc4 b5 7.Bb3 e6 8.O-O Be7
9.Bg5 O-O 10.Re1 a5  1/2-1/2

[Event "Zagreb op"]
[Site "Zagreb"]
[Date "1999.??.??"]
[Round "7"]
[White "Krstic, Uros"]
[Black "Nikolov, Sasho"]
[Result "1/2-1/2"]
[WhiteElo "2332"]
[BlackElo "2395"]

1.e4 d5 2.exd5 Qxd5 3.Nc3 Qd6 4.Nf3 Nf6 5.a4 Nc6 6.a5 a6 7.h3 Bf5 8.g4 Bg6
9.Bg2 h5 10.g5 Ne4 11.d3 Nc5 12.Nh4 O-O-O 13.Be3 Nd4 14.Nxg6 Qxg6 15.b4 Nce6
16.h4 Qf5 17.Rb1 Qe5 18.Qd2 g6 19.Ne4 c6 20.c3 Nf5 21.d4 Qb5 22.Qe2 Qxe2+
23.Kxe2 Nc7 24.Bh3 e6 25.Bf4 Nd5 26.Be5 Bg7 27.Bxf5 exf5 28.Bxg7 Rhe8 29.Be5 fxe4
30.Rb3 Rd7 31.Rc1 Re6 32.c4 Ne7 33.b5 cxb5 34.cxb5+ Kd8 35.Rc4 Nf5 36.Bf6+ Rxf6
37.gxf6 Nxd4+ 38.Rxd4 Rxd4 39.bxa6 bxa6 40.Rb6 e3 41.fxe3 Rxh4 42.Rxa6 Rh2+
43.Kf3 g5 44.Ra7 g4+ 45.Ke4 h4 46.Rxf7 h3 47.Rh7 g3 48.a6 Ke8 49.Kf4 Ra2
50.Rxh3 g2 51.Rg3 Kf7 52.e4 Kxf6 53.e5+ Ke6 54.Rg6+ Kd5 55.a7  1/2-1/2

[Event "107th ch-NZL"]
[Site "Auckland NZL"]
[Date "2000.01.02"]
[Round "5"]
[White "Garbett,P"]
[Black "Sermek,D"]
[Result "1/2-1/2"]
[WhiteElo "2360"]
[BlackElo "2545"]

1.e4 d5 2.exd5 Qxd5 3.Nc3 Qd6 4.d4 Nf6 5.Nf3 a6 6.Be2 Nbd7 7.Be3 e6 8.Qd2 b5
9.Ng5 Bb7 10.f3 c5 11.Nge4 Qc6 12.O-O-O c4 13.Nxf6+ Nxf6 14.Ne4 Nd5 15.Bf2 b4
16.Qg5 f6 17.Qh5+ g6 18.Qh4 b3 19.Nxf6+ Nxf6 20.Qxf6 bxa2 21.Kd2 c3+ 22.bxc3 Bh6+
23.Be3 Rf8  1/2-1/2

[Event "It B"]
[Site "Paretana ESP"]
[Date "2000.01.03"]
[Round "6"]
[White "Fluvia Poyatos,J"]
[Black "Pinero Fernandez,X"]
[Result "1-0"]
[WhiteElo "2335"]
[BlackElo "2162"]

1.e4 d5 2.exd5 Qxd5 3.Nc3 Qd8 4.Bc4 Nf6 5.Nf3 Bf5 6.Ne5 e6 7.d4 Nbd7 8.Bg5 c6
9.Nxd7 Qxd7 10.O-O Be7 11.Ne2 h6 12.Bh4 O-O 13.c3 Rac8 14.Bd3 Bxd3 15.Qxd3 c5
16.Qf3 Rfd8 17.Rad1 e5 18.Bxf6 Bxf6 19.d5 c4 20.Ng3 Rc5 21.d6 Rc6 22.Ne4 Qe6
23.Rd5 b6 24.Rfd1 Rd7 25.Qg3 g6 26.Qg4 Bg7 27.Qxe6 fxe6 28.R5d2 b5 29.b4 cxb3
30.axb3 Kf7 31.g4 Bf8 32.Rd3 Bg7 33.h4 a5 34.b4 axb4 35.cxb4 Rc4 36.Nc5 Rxg4+
37.Kf1 Ke8 38.Nxd7 Kxd7 39.Ra1 Bf6 40.Ra7+ Kc6 41.Rc7+ Kb6 42.Rdc3  1-0

[Event "Challengers"]
[Site "Hastings ENG"]
[Date "2000.01.06"]
[Round "9"]
[White "Tidman,S"]
[Black "Calvert,D"]
[Result "1-0"]
[WhiteElo "2073"]
[BlackElo "2076"]

1.e4 d5 2.exd5 Qxd5 3.Nc3 Qd8 4.d4 Nf6 5.Be3 c6 6.Bc4 Bf5 7.Nge2 e6 8.O-O Be7
9.Ng3 Bg6 10.f4 Nd5 11.Bxd5 cxd5 12.f5 exf5 13.Nxf5 Bf6 14.Qf3 Bxf5 15.Qxf5 O-O
16.Nxd5 Nd7 17.c3 Re8 18.Nxf6+ Nxf6 19.Bg5 Re2 20.b3 Re6 21.Rae1 Rxe1 22.Rxe1 Qd5
23.Re5 Qc6 24.Rc5 Qe8 25.Re5 Qc6 26.Bxf6 gxf6 27.Re3 Re8 28.Qg4+ Kf8 29.Rxe8+ Qxe8
30.Kf2 b5 31.Qe2 Qc6 32.Qe3 a5 33.Qf3 Qc7 34.h3 b4 35.c4 Qd8 36.Qe3 Kg7 37.d5 Qd7
38.Qe4 f5 39.Qd4+ f6 40.c5 Kf7 41.Qc4 Kf8 42.c6 Qa7+ 43.Kf3 Qc7 44.Qc5+ Ke8
45.d6  1-0

[Event "107th ch-NZL"]
[Site "Auckland NZL"]
[Date "2000.01.07"]
[Round "10"]
[White "Smith,Ro"]
[Black "Sermek,D"]
[Result "1/2-1/2"]
[WhiteElo "2290"]
[BlackElo "2545"]

1.e4 d5 2.exd5 Qxd5 3.Nc3 Qd6 4.Nf3 Nf6 5.d4 a6 6.Ne5 Nc6 7.Bf4 Nxd4 8.Ng6 Qe6+
9.Ne5 Qb6 10.Nc4 Qe6+ 11.Ne5 Qd6 12.Ng6 Qe6+ 13.Ne5  1/2-1/2

[Event "VII Anibal Open"]
[Site "Linares ESP"]
[Date "2000.01.08"]
[Round "2"]
[White "Karatorossian,D"]
[Black "Sulskis,S"]
[Result "0-1"]
[WhiteElo "2342"]
[BlackElo "2521"]

1.e4 d5 2.exd5 Qxd5 3.Nc3 Qd8 4.Nf3 Bg4 5.h3 Bxf3 6.Qxf3 c6 7.Bc4 Nf6 8.O-O e6
9.d3 Bd6 10.Ne4 Nxe4 11.dxe4 Nd7 12.Qe2 Qc7 13.Be3 Bh2+ 14.Kh1 Bf4 15.Rad1 O-O-O
16.b4 Kb8 17.c3 h6 18.Bb3 Bxe3 19.Qxe3 g5 20.Rd4 c5 21.Rd2 Qf4 22.Qxf4+ gxf4
23.Rfd1 Kc7 24.Kh2 cxb4 25.cxb4 Ne5 26.Rxd8 Rxd8 27.Rxd8 Kxd8 28.g3 Nd3 29.gxf4 Nxb4
30.Kg3 Ke7 31.Kg4 b5 32.a3 Nc6 33.Kh5 Nd4 34.Ba2 Ne2 35.Kxh6 Nxf4 36.h4 Kf6
37.f3 a5 38.Bb3 a4 39.Bc2 Ke5 40.h5 f6 41.Kh7 Nxh5 42.Bd3 b4 43.axb4 Nf4
44.Bc4 Kd4 45.Ba2 e5 46.Kg7 Nd3 47.b5 Kc5 48.Kxf6 Kxb5 49.Kf5 Kb4 50.f4 exf4
51.Kg4 Kc3 52.Kf3 a3 53.Bd5 Kd4 54.Bg8  0-1

[Event "Extraliga CZE"]
[Site "Ostrava CZE"]
[Date "2000.01.16"]
[Round "7"]
[White "Hajek,M"]
[Black "Jirovsky,M"]
[Result "1/2-1/2"]
[WhiteElo "2259"]
[BlackElo "2458"]

1.e4 d5 2.exd5 Qxd5 3.Nc3 Qd6 4.d4 Nf6 5.Nf3 a6 6.g3 Bg4 7.Bg2 Nc6 8.d5 Nb4
9.Bf4 Qc5 10.Be3 Qd6 11.h3 Bh5 12.Bf4 Qc5 13.Be3 Qd6 14.Bf4 Qc5 15.Be3  1/2-1/2

[Event "V Ubeda Open"]
[Site "Ubeda ESP"]
[Date "2000.01.19"]
[Round "10"]
[White "Grischuk,A"]
[Black "Hauchard,A"]
[Result "1/2-1/2"]
[WhiteElo "2581"]
[BlackElo "2513"]

1.e4 d5 2.exd5 Qxd5 3.Nc3 Qd6 4.d4 Nf6 5.Nf3 a6 6.g3 b5 7.Bg2 Bb7 8.O-O e6
9.Bf4 Qd8 10.Ne5 Bxg2 11.Kxg2 c5 12.Qf3 Ra7 13.dxc5 Bxc5 14.Bg5 Be7 15.Ne4 Qd5
16.Nxf6+ gxf6 17.Qxd5 exd5 18.Be3 Rc7 19.Nd3 Rxc2 20.Rac1 Rxc1 21.Rxc1 Kd7
22.Nf4 d4 23.Bxd4 Nc6 24.Be3 Ne5 25.Nd5 Bd8 26.Rd1 Kc6 27.b3 a5 28.f4 Ng4
29.Bg1 h5 30.Kf3 Re8 31.h3 Nh6 32.Nc3 Be7 33.Re1 Nf5 34.g4 hxg4+ 35.Kxg4 Nd6
36.Kf3 Rh8 37.Nxb5 Kxb5 38.Rxe7 Rxh3+ 39.Ke2 Rh1 40.Bd4 Rh2+ 41.Bf2 f5 42.Re5+ Kc6
43.Kf3 Ne4 44.Be1 Rxa2 45.Rxf5 Nc5 46.b4 axb4 47.Bxb4 Nd3 48.Bf8 Kd7 49.Rd5+ Ke8
50.Bg7 Rf2+ 51.Ke3 Nxf4 52.Re5+ Kd7  1/2-1/2

[Event "Belgian Interteams 1999-2000"]
[Site "Antwerp BEL"]
[Date "2000.01.23"]
[Round "8"]
[White "Bezsilko,P"]
[Black "Van Hul,C"]
[Result "1/2-1/2"]
[WhiteElo "2213"]
[BlackElo "2181"]

1.e4 d5 2.exd5 Qxd5 3.Nc3 Qd6 4.d4 Nf6 5.Nf3 a6 6.Bd3 Bg4 7.Be3 Nc6 8.h3 Bh5
9.g4 Bg6 10.a3 e5 11.Bxg6 hxg6 12.Qe2 O-O-O 13.O-O-O exd4 14.Nxd4 Nxd4 15.Rxd4 Qe5
16.Rxd8+ Kxd8 17.Qf3 Kc8 18.Bf4 Qe6 19.Rd1 Bc5 20.Kb1 Re8 21.g5 Ne4 22.Nxe4 Qxe4
23.Qc3  1/2-1/2

[Event "5th HIT Open"]
[Site "Nova Gorica SLO"]
[Date "2000.02.08"]
[Round "8"]
[White "Grosar,K"]
[Black "Bratanov,Z"]
[Result "1/2-1/2"]
[WhiteElo "2211"]
[BlackElo "2332"]

1.e4 d5 2.exd5 Qxd5 3.Nc3 Qd6 4.d4 Nf6 5.Nge2 Bf5 6.Bf4 Qd7 7.Ng3 Bg6 8.Qf3 c6
9.O-O-O e6 10.h4 h6 11.h5 Bh7 12.Nge4 Nxe4 13.Nxe4 Qd5 14.Nc3 Qxf3 15.gxf3 Nd7
16.Ne4 Nb6 17.Rg1 f6 18.Nc5 Bxc5 19.dxc5 Nd5 20.Bh2 Rg8 21.Bh3 f5 22.Be5 Kf7
23.c4 Nf6 24.Rd6 Rad8 25.Rgd1 Rxd6 26.cxd6 c5 27.f4 Rd8 28.Bg2 Rd7 29.Bxb7 Rxb7
30.Bxf6 Ke8 31.Be5 g6 32.a3 gxh5 33.b4 Bg6 34.Rg1 Bf7 35.Rg7 h4 36.b5 Rd7
37.Rg2 Bh5 38.Rh2 Be2 39.Rxh4 Rh7 40.Rh3 Bxc4 41.a4 h5 42.Bf6 Kd7 43.Be7 Bf1
44.Rh2 Be2 45.Kd2 Bf3 46.Ke3 Bd1 47.Rh1 Bb3 48.a5 Bd5 49.f3 h4 50.Bxh4 Kxd6
51.Rh2 Kd7 52.Kd3 Bxf3 53.Bg3 Rxh2 54.Bxh2 Bg2 55.Bg1 Kd6 56.b6 axb6 57.axb6 Bf1+
58.Kc3 Ba6  1/2-1/2

[Event "Open"]
[Site "Cannes FRA"]
[Date "2000.02.21"]
[Round "2"]
[White "Djingarova,E"]
[Black "Boudre,JP"]
[Result "0-1"]
[WhiteElo "2168"]
[BlackElo "2334"]

1.e4 d5 2.exd5 Qxd5 3.Nc3 Qd6 4.d4 Nf6 5.Nf3 a6 6.Be2 Nc6 7.O-O Bg4 8.h3 Bh5
9.Nh4 Qxd4 10.Bxh5 Qxh4 11.Bf3 Qc4 12.Bg5 e6 13.Bxf6 gxf6 14.Re1 Be7 15.Qd2 h5
16.b3 Qc5 17.Ne4 Qd4 18.Qe2 h4 19.Rad1 Qb6 20.c4 Qa5 21.c5 Ne5 22.Nd2 O-O-O
23.b4 Qxb4 24.Rb1 Rxd2 25.Bxb7+ Qxb7 26.Qxd2 Qc6 27.Qb2 Nd7 28.Rec1 Rg8 29.f3 Rg5
30.Kh1 Rxc5 31.Rxc5 Bxc5 32.a4 Ba7 33.Qb4 Qc2 34.Ra1 Qf2 35.Qe7 Ne5 36.Qxf6 Qg3
37.f4 Nd3 38.Qxf7 Nf2+ 39.Kg1 Nxh3+ 40.Kh1 Nf2+ 41.Kg1 Nh3+ 42.Kh1 Qxf4 43.Qxe6+  0-1

[Event "16th open"]
[Site "Cappelle La Grande FRA"]
[Date "2000.02.22"]
[Round "5"]
[White "Kaminski,M"]
[Black "Dubois,L"]
[Result "1-0"]
[WhiteElo "2514"]
[BlackElo "2258"]

1.e4 d5 2.exd5 Qxd5 3.Nc3 Qd6 4.d4 Nf6 5.Bc4 a6 6.Bb3 Nc6 7.Nge2 e5 8.dxe5 Qxd1+
9.Nxd1 Nxe5 10.Ndc3 Bd6 11.Bg5 Bf5 12.Ng3 Bg6 13.O-O Ned7 14.Rfe1+ Kf8 15.Nd5 Nxd5
16.Bxd5 f6 17.Be3 c6 18.Bb3 Be7 19.Rad1 Rd8 20.Be6 Ne5 21.Rxd8+ Bxd8 22.f4 Ke7
23.Bb3 Ba5 24.Re2  1-0

[Event "16th open"]
[Site "Cappelle La Grande FRA"]
[Date "2000.02.24"]
[Round "7"]
[White "Nataf,IA"]
[Black "Payen,A"]
[Result "1-0"]
[WhiteElo "2529"]
[BlackElo "2376"]

1.e4 d5 2.exd5 Qxd5 3.Nc3 Qd8 4.d4 g6 5.Nf3 Bg7 6.Bf4 Nh6 7.Qd2 Nf5 8.O-O-O a6
9.Bc4 O-O 10.h4 Nd6 11.Be2 Bg4 12.Ne5 Bxe2 13.Qxe2 Nb5 14.Ne4 Nc6 15.c3 Qc8
16.Nxc6 bxc6 17.Nc5 Qf5 18.Qe4 Qd5 19.Qxd5 cxd5 20.h5 Rfe8 21.Rde1 Nd6 22.b3 Ra7
23.Kc2 e6 24.Rh3 Rc8 25.hxg6 hxg6 26.Be5 Re8 27.Nd7 Ne4 28.Rxe4 dxe4 29.Nf6+ Kf8
30.Nxe8 Bxe5 31.dxe5 Kxe8 32.Re3 f5 33.exf6 Kf7 34.Rxe4 Kxf6 35.Rc4 g5 36.a4 Kf5
37.b4 g4 38.Kd3 e5 39.Ke3 a5 40.b5  1-0

[Event "Oz.com qualifier blitz"]
[Site "Internet ICC"]
[Date "2000.03.05"]
[Round "8"]
[White "Eisen,L"]
[Black "Hernando Rodrigo,Ju"]
[Result "0-1"]
[WhiteElo "2263"]
[BlackElo "2364"]

1.e4 d5 2.exd5 Qxd5 3.Nc3 Qd8 4.d4 Nf6 5.Bf4 c6 6.Qd2 Bf5 7.Nf3 e6 8.Be2 Nbd7
9.O-O-O Bb4 10.Bd3 Bxd3 11.Qxd3 Qa5 12.a3 Bxc3 13.Qxc3 Qxc3 14.bxc3 Ne4 15.Rhe1 Nxc3
16.Rd3 Nd5 17.Bd6 b5 18.Nd2 N7b6 19.Rg3 g6 20.Rf3 Rd8 21.Bc5 a5 22.Ne4 Nc4
23.Ng5 Rd7 24.g4 h5 25.h3 hxg4 26.hxg4 Rh4 27.Nxe6 Rxg4 28.Nf8+ Re7 29.Bxe7 Nxe7
30.Nh7 Rxd4 31.Nf6+ Kd8 32.Ne4 Nf5 33.Ng5 Ncd6 34.Rd3 Rxd3 35.cxd3 Kd7 36.Kb2 Nh4
37.Rh1 Ng2 38.Nf3 Nf4 39.Kc3 c5 40.Ne1 Nd5+ 41.Kb2 a4 42.Rh4 Kc6 43.Nc2 c4
44.dxc4 Nxc4+ 45.Ka2 Kc5 46.Rh7 Nd6 47.Rh8 Ne4 48.f3 Nd2 49.Rc8+ Kd6 50.Rd8+ Ke5
51.f4+ Ke4 52.Nb4 Nxb4+ 53.axb4 Nf3 54.Kb2 Kxf4 55.Rd5 g5 56.Rxb5 g4 57.Rb7 f5
58.Rg7 Nd4 59.Kc3 Nb5+ 60.Kc4 Na3+ 61.Kd3 Kf3 62.Kd2 g3 63.Rc7 Nb1+ 64.Kc1 g2
65.Rg7 Na3 66.Kd2 f4 67.Ke1 Nc2+ 68.Kd2 Nxb4  0-1

[Event "Ciocaltea Mem"]
[Site "Bucharest ROM"]
[Date "2000.03.14"]
[Round "2"]
[White "Vajda,L"]
[Black "Vukovic,Zd"]
[Result "1/2-1/2"]
[WhiteElo "2459"]
[BlackElo "2475"]

1.e4 d5 2.exd5 Qxd5 3.Nc3 Qd8 4.d4 Nf6 5.Bc4 c6 6.Nf3 b5 7.Bb3 e6 8.O-O Be7
9.Re1 O-O 10.Bg5 a5 11.a4 b4 12.Bxf6 Bxf6 13.Ne4 Nd7 14.Nxf6+ Qxf6 15.Ne5 c5
16.c3 bxc3 17.bxc3 Nxe5 18.Rxe5 cxd4 19.Qxd4 Rd8 20.Qe3 h6 21.Bc2 Bb7 22.h3 Rac8
23.Rb1 Rd5 24.f4 Bc6 25.Be4 Rxe5 26.fxe5 Qg5 27.Qxg5  1/2-1/2

[Event "Ciocaltea Mem"]
[Site "Bucharest ROM"]
[Date "2000.03.19"]
[Round "6"]
[White "Sofronie,I"]
[Black "Vukovic,Zd"]
[Result "1/2-1/2"]
[WhiteElo "2378"]
[BlackElo "2475"]

1.e4 d5 2.exd5 Qxd5 3.Nc3 Qd8 4.d4 Nf6 5.Nf3 c6 6.Bc4 b5 7.Bb3 e6 8.O-O Be7
9.Ne2 O-O 10.c3 c5 11.Ne5 Bb7 12.Be3 Nbd7 13.f4 Nxe5 14.fxe5 Nd5 15.Qd2 Rc8
16.Bc2 cxd4 17.Bxd4 a6 18.Ng3 Bg5 19.Qd3 g6 20.Rf2 Ne3 21.Bb1 f5 22.exf6 e5
23.f7+ Rxf7 24.Rxf7 Kxf7 25.Bxe5 Bxg2 26.a4 Qxd3 27.Bxd3 Bc6 28.axb5 axb5
29.Bd4 Nc4 30.Ne4 Be7 31.Ra7 Bxe4 32.Bxe4 Nxb2 33.Rb7 Na4 34.Bd5+ Kf8 35.Be6 Nxc3
36.Bxc8 Ne2+ 37.Kf2 Nxd4 38.Ke3 Nc2+ 39.Ke4 b4 40.Be6 Na1 41.Ra7 Nc2 42.Bb3 Na3
43.Rb7 Nb1 44.Ke5 Nd2 45.Bd5 b3 46.Bxb3 Nxb3 47.Rxb3 Bg5 48.Rb7  1/2-1/2